Loading...
Current Events | 5 | 20.00 | 100% | 60% | 40% |
Fine Arts - Classical Music | 6 | 13.33 | 100% | 33% | 0% |
Fine Arts - Other Fine Arts | 7 | 15.71 | 100% | 57% | 0% |
Fine Arts - Painting and Sculpture | 5 | 22.00 | 100% | 60% | 60% |
Geography | 3 | 10.00 | 67% | 33% | 0% |
History - American History | 4 | 17.50 | 100% | 50% | 25% |
History - European History | 4 | 20.00 | 100% | 75% | 25% |
History - Other History | 4 | 15.00 | 100% | 50% | 0% |
History - World History | 4 | 17.50 | 100% | 50% | 25% |
Literature - Drama | 2 | 20.00 | 100% | 50% | 50% |
Literature - Long Fiction | 7 | 15.71 | 100% | 57% | 0% |
Literature - Misc Literature | 4 | 22.50 | 100% | 75% | 50% |
Literature - Poetry | 5 | 22.00 | 100% | 100% | 20% |
Literature - Short Fiction | 1 | 10.00 | 100% | 0% | 0% |
Mythology | 4 | 15.00 | 100% | 50% | 0% |
Other Academic | 4 | 17.50 | 100% | 50% | 25% |
Philosophy | 4 | 20.00 | 100% | 75% | 25% |
Religion | 5 | 12.00 | 100% | 20% | 0% |
Science - Biology | 2 | 10.00 | 100% | 0% | 0% |
Science - Chemistry | 4 | 17.50 | 100% | 75% | 0% |
Science - Other Science | 4 | 20.00 | 100% | 75% | 25% |
Science - Physics | 4 | 17.50 | 100% | 75% | 0% |
Social Science | 6 | 15.00 | 67% | 83% | 0% |